000 00509nam a2200193Ia 4500
005 20250923144512.0
008 008 250917s9999 xx 000 0 eng d
037 _aTextual
040 _aDSWL
_beng
_cDSWL
041 _aeng
_2eng
084 _qDSWL
100 _aBriffault, Robert
_9825527
245 4 _aThe mothers
_cby Robert Briffault
260 _aLondon
_bGeorge Allen & Unwind Ltd
_c1952
300 _axx,789p.
490 _vVol-II
942 _cTEXL
999 _c1439726
_d1439726